| 000 | 00490cam a2200193ua 4500 | ||
|---|---|---|---|
| 001 | 2322 | ||
| 008 | 110806n ii |||gr||||Z||||||asm | ||
| 040 | _cMAIN | ||
| 082 | _a370.92 | ||
| 100 |
_aDeka, Birendra, _eAuthor. |
||
| 245 | 1 |
_aKaigarakiman mohan shikshabid _cby Birendra Deka |
|
| 250 | _a2nd. | ||
| 260 |
_aNalbari: _bKitap Ghar,997. |
||
| 300 |
_a166p: _c23cm. |
||
| 653 | _aEducation | ||
| 653 | _aKaigarakiman mohan shikshabid | ||
| 653 | _asome great educators | ||
| 942 | _cBK | ||
| 999 |
_c2181 _d2181 |
||